000 00454nam a2200193Ia 4500
003 GCL
008 140319s9999 xx 000 0 eng d
040 _aGCL /
_cGCL
082 0 4 _a944.033
_bM C
100 1 _aMURAT, INES
245 1 0 _aGOLBERT /
_cMURAT, INES
260 _a[S.N] :
_bFAYARD ،
_c1980
300 _a475
650 0 4 _aHISTORY
650 0 4 _aFRENCH HISTORY
650 0 4 _aLOUIS XIV, 1643 - 1715
650 0 4 _aCOLBERT
942 _2ddc
_cBK
999 _c25452
_d25452